Tiếng Việt sơ thảo ngữ pháp chức năng
Bewaard in:
| Hoofdauteur: | |
|---|---|
| Formaat: | Boek |
| Taal: | Undetermined |
| Gepubliceerd in: |
Hà Nội
Giáo dục
2005
|
| Onderwerpen: | |
| Tags: |
Voeg label toe
Geen labels, Wees de eerste die dit record labelt!
|
| Thư viện lưu trữ: | Trung tâm Học liệu Trường Đại học Cần Thơ |
|---|
| LEADER | 00561nam a2200205Ia 4500 | ||
|---|---|---|---|
| 001 | CTU_104270 | ||
| 008 | 210402s9999 xx 000 0 und d | ||
| 020 | |c 115000 | ||
| 082 | |a 495.9225 | ||
| 082 | |b H108 | ||
| 100 | |a Cao, Xuân Hạo | ||
| 245 | 0 | |a Tiếng Việt sơ thảo ngữ pháp chức năng | |
| 245 | 0 | |c Cao Xuân Hạo | |
| 260 | |a Hà Nội | ||
| 260 | |b Giáo dục | ||
| 260 | |c 2005 | ||
| 650 | |a Vietnamese language | ||
| 650 | |x Grammaire | ||
| 904 | |i Minh | ||
| 980 | |a Trung tâm Học liệu Trường Đại học Cần Thơ | ||